Prueba de cantantes - Estadísticas

Estadísticas generales
  • Esta prueba ha sido intentada 1.126 veces
  • La puntuación promedio es 10 de 12
Estadísticas de respuestas
Imagen Respuesta % Correcto
Ariana Grande
97%
Justin Bieber
97%
Rihanna
96%
Ed Sheeran
93%
Camila Cabello
89%
Drake
88%
Billie Eilish
87%
J Balvin
85%
Shawn Mendes
85%
Daddy Yankee
82%
Post Malone
66%
Charlie Puth
52%
No se encontraron pruebas coincidentes
Distribución de puntuación
Porcentaje de gente con cada puntuación
Porcentaje por número respondido
Historial de tus puntuaciones
No has intentado esta prueba.